[Event "Challenge"]
[Site "http://www.queenalice.com/game.php?id=1619834"]
[Date "2020.7.9"]
[Round "-"]
[White "tana"]
[Black "Reiwhite"]
[Result "1-0"]
[WhiteElo "1917"]
[BlackElo "2019"]

1. e4 c6 2. Nf3 d5 3. d3 dxe4 4. dxe4 Qxd1+ 5. Kxd1 Nf6 6. Bd3 Bg4 7. Ke2 Nbd7
8. h3 Bh5 9. Re1 Ne5 10. g4 Nxf3 11. Kxf3 Bg6 12. Nc3 e6 13. e5 Nd5 14. Nxd5
cxd5 15. Bb5+ Kd8 16. c3 Be7 17. Rd1 a6 18. Ba4 b5 19. Bb3 Kc7 20. Be3 Kc6 21.
a4 Bc5 22. Bxc5 Kxc5 23. Ke3 f6 24. f4 Rhd8 25. exf6 gxf6 26. Rd4 e5 27. Rd2 Bf7
28. Bc2 d4+ 29. cxd4+ exd4+ 30. Kf3 h6 31. Be4 Bd5 32. Rc1+ Kd6 33. Rxd4 1-0

[Event "AUTO-OPEN-4205"]
[Site "http://www.queenalice.com/game.php?id=1624411"]
[Date "2020.8.20"]
[Round "1"]
[White "Bira47"]
[Black "Reiwhite"]
[Result "1/2-1/2"]
[WhiteElo "1949"]
[BlackElo "2021"]

1. Nc3 Nf6 2. g3 c6 3. Bg2 g6 4. b3 Bg7 5. Bb2 O-O 6. e3 d5 7. d4 Bf5 8. h3 Qd7
9. g4 Be6 10. Qe2 Ne8 11. f4 f5 12. g5 Nd6 13. h4 Kf7 14. Nf3 Na6 15. Ne5+ Bxe5
16. dxe5 Ne4 17. Nxe4 dxe4 18. Rd1 Qc7 19. O-O Rad8 20. Rxd8 Rxd8 21. Rd1 Rxd1+
22. Qxd1 Qd7 23. Qxd7 Bxd7 24. a3 e6 25. Bf1 Nc7 26. c4 b5 27. a4 a6 28. Ba3 Ke8
29. Bd6 Na8 30. Bc5 Nc7 31. Bd6 Na8 32. c5 Kd8 33. a5 Nc7 34. Bxc7+ Kxc7 35. b4
Kd8 36. Kg2 Ke7 37. Kg3 Kf7 38. Be2 Be8 39. h5 Ke7 40. h6 Kd7 41. Kf2 Kc7 42.
Ke1 Kd8 43. Kf2 Ke7 44. Ke1 Bf7 45. Kf2 Kf8 46. Kg3 Kg8 47. Kg2 Be8 48. Bd1 Bd7
49. Be2 Be8 50. Bd1 Bd7 51. Kg1 Be8 52. Be2 Bd7 53. Bd1 Be8 54. Be2 Bd7 55. Bd1
Be8 1/2-1/2

[Event "AUTO-OPEN-4205"]
[Site "http://www.queenalice.com/game.php?id=1624412"]
[Date "2020.8.20"]
[Round "1"]
[White "Reiwhite"]
[Black "Bira47"]
[Result "1-0"]
[WhiteElo "2007"]
[BlackElo "1963"]

1. d4 b6 2. Nf3 Bb7 3. g3 g5 4. Bxg5 h6 5. Bf4 d6 6. Bg2 Nf6 7. Nbd2 Nbd7 8. O-O
e6 9. Re1 Qe7 10. Nf1 Nd5 11. Bd2 O-O-O 12. c4 N5f6 13. Bc3 Ne4 14. Rc1 Nxc3 15.
Rxc3 Bg7 16. e4 c5 17. Ra3 d5 18. cxd5 exd5 19. exd5 Qd6 20. dxc5 bxc5 21. Rxa7
Qxd5 22. Qc2 Kb8 23. Nh4 Kxa7 24. Bxd5 Bxd5 25. Re7 Kb8 26. Nf5 Be5 27. f4 Bd4+
28. Nxd4 cxd4 29. Qa4 Kc7 30. Qxd4 Kd6 31. Re1 Rb8 32. Ne3 Nb6 33. Rd1 Rhd8 34.
Nxd5 Kc6 35. Rc1+ Kb5 36. Nc7+ 1-0

[Event "AUTO-OPEN-4205"]
[Site "http://www.queenalice.com/game.php?id=1624431"]
[Date "2020.8.20"]
[Round "1"]
[White "LOMBARDY"]
[Black "Reiwhite"]
[Result "1-0"]
[WhiteElo "2134"]
[BlackElo "2036"]

1. e4 e6 2. d3 d5 3. Nd2 Nf6 4. e5 Nfd7 5. Ngf3 c5 6. g3 Nc6 7. Qe2 Qc7 8. Bg2
Ndxe5 9. Nxe5 Qxe5 10. Qxe5 Nxe5 11. O-O Ng6 12. c4 d4 13. Re1 Bd6 14. Ne4 Be7
15. a3 Rb8 16. h4 O-O 17. h5 Nh8 18. Bf4 Ra8 19. Nd6 g6 20. Nxc8 Raxc8 21. Bxb7
Rcd8 22. Bh6 Rfe8 23. hxg6 Nxg6 24. Bc6 Rf8 25. Bxf8 Nxf8 26. Kg2 Rd6 27. Be4 f5
28. Bxf5 Kf7 29. Be4 h6 30. Rh1 e5 31. Rae1 Nd7 32. b4 Kg7 33. b5 Bg5 34. a4 Nb6
35. Ra1 Nd7 36. a5 Kf6 37. Rhf1 Kg7 38. f4 Bf6 39. b6 axb6 40. a6 b5 41. cxb5
Nb6 42. a7 1-0

[Event "AUTO-OPEN-4205"]
[Site "http://www.queenalice.com/game.php?id=1624432"]
[Date "2020.8.20"]
[Round "1"]
[White "Reiwhite"]
[Black "LOMBARDY"]
[Result "1/2-1/2"]
[WhiteElo "2017"]
[BlackElo "2186"]

1. Nf3 Nf6 2. g3 g6 3. Bg2 Bg7 4. O-O O-O 5. d3 d5 6. Re1 Nc6 7. Nbd2 e5 8. e4
dxe4 9. Nxe4 Nxe4 10. dxe4 Qxd1 11. Rxd1 Bg4 12. c3 Rad8 13. Be3 b6 14. h3 Bc8
15. Kf1 Na5 16. b3 c5 17. Ke1 Ba6 18. Rxd8 Rxd8 19. Rd1 Rxd1+ 20. Kxd1 f6 21.
Ng1 Bf8 22. Ne2 Kf7 23. c4 Nc6 24. Kc2 Ke6 25. Nc3 Nd4+ 26. Bxd4 cxd4 27. Nd5
Bb7 28. Kd3 1/2-1/2

[Event "AUTO-OPEN-4205"]
[Site "http://www.queenalice.com/game.php?id=1624443"]
[Date "2020.8.20"]
[Round "1"]
[White "Reiwhite"]
[Black "junipero"]
[Result "1-0"]
[WhiteElo "1999"]
[BlackElo "2038"]

1. c4 c6 2. d4 d5 3. Nc3 e6 4. cxd5 cxd5 5. Nf3 Nf6 6. Bg5 Be7 7. e3 O-O 8. Bd3
Nc6 9. O-O Bd7 10. Rc1 h6 11. Bf4 a6 12. a3 Rc8 13. Ne5 Be8 14. b4 b5 15. h3
Nxe5 16. dxe5 Nd7 17. Ne2 Nb6 18. Nd4 Nc4 19. Qg4 Bg5 20. Bg3 Nxa3 21. h4 Be7
22. Bf4 Rxc1 23. Rxc1 g5 24. hxg5 Bxg5 25. Bg3 Kh8 26. f4 Be7 27. Qh5 Kg7 28. f5
exf5 29. Nxf5+ Kg8 30. Qxh6 Bf6 31. exf6 Qxf6 32. Qxf6 1-0

[Event "AUTO-OPEN-4205"]
[Site "http://www.queenalice.com/game.php?id=1624444"]
[Date "2020.8.20"]
[Round "1"]
[White "junipero"]
[Black "Reiwhite"]
[Result "0-1"]
[WhiteElo "2077"]
[BlackElo "2018"]

1. d4 Nf6 2. c4 e6 3. Nc3 b6 4. e3 Bb7 5. Nf3 Be7 6. b3 O-O 7. Bb2 d6 8. Be2
Nbd7 9. O-O Ne4 10. Nxe4 Bxe4 11. Bd3 Bb7 12. Qc2 f5 13. Ba3 Nf6 14. d5 Ne4 15.
Bxe4 fxe4 16. Qxe4 e5 17. Nd2 Bc8 18. Qc2 Bf5 19. e4 Bg4 20. h3 Bh5 21. f3 Bh4
22. b4 Bg3 23. c5 Qg5 24. cxd6 Qe3+ 25. Kh1 Qxa3 26. dxc7 Qxb4 27. Rab1 Qd6 28.
Rfc1 Rac8 29. Qc6 Qxc6 30. Rxc6 Be8 31. Rc2 Rf7 32. Rbc1 Bf4 33. d6 Rf6 34. g3
Be3 35. Re1 Bd4 36. Nb3 Rxd6 37. Nxd4 exd4 38. e5 Rc6 39. Rec1 R8xc7 40. Rxc6
Bxc6 41. Kg1 Kf7 42. Kf2 Ke6 43. f4 Kd5 44. Kf3 g6 45. a3 h5 46. g4 Rf7 47. Kg3
Ba4 48. Rc8 d3 49. Kf2 hxg4 50. hxg4 Rxf4+ 51. Ke3 Rxg4 52. Kxd3 Kxe5 53. Rc7
Rg3+ 54. Kd2 Rxa3 55. Rxa7 b5 56. Re7+ Kf4 57. Rf7+ Kg4 58. Kc1 Rf3 59. Rg7 g5
60. Kb2 Kf4 61. Rf7+ Kg3 62. Rg7 g4 63. Rh7 Kg2 64. Rg7 g3 65. Rg5 Kf2 66. Kc1
g2 67. Kd2 g1=Q 68. Rg2+ Qxg2 69. Kc1 Kg3 0-1

[Event "AUTO-OPEN-4205"]
[Site "http://www.queenalice.com/game.php?id=1645470"]
[Date "2021.3.2"]
[Round "2"]
[White "bonow"]
[Black "Reiwhite"]
[Result "1-0"]
[WhiteElo "2138"]
[BlackElo "2019"]

1. d4 Nf6 2. c4 e6 3. Nc3 b6 4. Nf3 Bb7 5. e3 Be7 6. Bd3 O-O 7. e4 d6 8. O-O
Nbd7 9. Re1 e5 10. d5 Nc5 11. Bc2 a5 12. Be3 Ng4 13. Bxc5 bxc5 14. Ba4 f5 15.
exf5 Rxf5 16. h3 Nh6 17. Bc6 Rb8 18. Bxb7 Rxb7 19. Qd2 Qb8 20. Nb5 Qa8 21. Rac1
a4 22. a3 Qa6 23. Qc2 Rf8 24. Rcd1 Nf5 25. Re2 Rf7 26. Rde1 Bf8 27. Ng5 Rf6 28.
g4 h6 29. Ne4 Rg6 30. Nxc5 1-0

[Event "AUTO-OPEN-4205"]
[Site "http://www.queenalice.com/game.php?id=1645471"]
[Date "2021.3.2"]
[Round "2"]
[White "Reiwhite"]
[Black "bonow"]
[Result "0-1"]
[WhiteElo "2034"]
[BlackElo "2112"]

1. c4 c5 2. Nc3 Nc6 3. Nf3 Nf6 4. d3 d6 5. g3 g6 6. Bg2 Bg7 7. O-O O-O 8. Re1
Rb8 9. Nd2 Bg4 10. a3 Qd7 11. Qa4 Bh3 12. Bh1 Nd4 13. Qd1 Nc6 14. e3 Bf5 15. e4
Bg4 16. Qc2 Nd4 17. Qb1 Rbc8 18. f3 Bh3 19. Ne2 Nh5 20. g4 Nxe2+ 21. Rxe2 Bd4+
22. Rf2 Nf4 0-1

[Event "AUTO-OPEN-4205"]
[Site "http://www.queenalice.com/game.php?id=1645474"]
[Date "2021.3.2"]
[Round "2"]
[White "Poison"]
[Black "Reiwhite"]
[Result "1-0"]
[WhiteElo "2894"]
[BlackElo "2036"]

1. e4 c6 2. d4 d5 3. Nc3 dxe4 4. Nxe4 Bf5 5. Ng3 Bg6 6. Nf3 h6 7. Ne5 Bh7 8. Qh5
g6 9. Qf3 Nf6 10. Qb3 Qxd4 11. Nxf7 Bg8 12. Qxb7 Bxf7 13. Be3 Qd6 14. Rd1 Qe5
15. Qc8# 1-0

[Event "AUTO-OPEN-4205"]
[Site "http://www.queenalice.com/game.php?id=1645475"]
[Date "2021.3.2"]
[Round "2"]
[White "Reiwhite"]
[Black "Poison"]
[Result "0-1"]
[WhiteElo "2021"]
[BlackElo "2887"]

1. d4 Nf6 2. c4 e6 3. Nf3 b6 4. g3 Bb7 5. Bg2 Bb4+ 6. Bd2 Be7 7. O-O O-O 8. Nc3
c6 9. Re1 d5 10. cxd5 cxd5 11. Ne5 Nbd7 12. f4 Ne4 13. Qc2 Rc8 14. Rac1 Nd6 15.
Qb1 Nxe5 16. fxe5 Nc4 17. Red1 Nxd2 18. Rxd2 Bg5 19. Rdc2 Be3+ 20. Kh1 Bxd4 21.
Nb5 Rxc2 22. Rxc2 Bxe5 23. Qc1 a6 24. Nc3 b5 25. e3 Qb8 26. Ne2 Rc8 27. Nd4 Rxc2
28. Qxc2 Qc7 29. Qd2 b4 30. Bf3 a5 31. Nb5 Qc4 32. Nd4 Qf1# 0-1

[Event "AUTO-OPEN-4364"]
[Site "http://www.queenalice.com/game.php?id=1787840"]
[Date "2022.4.27"]
[Round "1"]
[White "maurice916"]
[Black "Reiwhite"]
[Result "0-1"]
[WhiteElo "1850"]
[BlackElo "2114"]

1. d4 d5 2. c4 c6 3. Nc3 Nf6 4. Nf3 e6 5. Bg5 Be7 6. e3 O-O 7. Bd3 Nbd7 8. O-O
Re8 9. Re1 h6 10. Bh4 Qb6 11. Rb1 dxc4 12. Bxc4 Nd5 13. Bxe7 Rxe7 14. a3 N7f6
15. e4 Nxc3 16. bxc3 Qa5 17. Qb3 b5 18. Bd3 Bb7 19. Rbc1 a6 20. c4 Rd8 21. c5
Qc7 22. Bb1 Qf4 23. g3 Qc7 24. e5 Nd7 25. Qd3 Nf8 26. Re4 g6 27. Rh4 Kg7 28. Rg4
Bc8 29. Nh4 Kh7 30. Nxg6 Nxg6 31. Rxg6 fxg6 32. Qxg6+ Kh8 33. Qxh6+ Kg8 34. Qg6+
Rg7 35. Qh6 Rxd4 36. Re1 Qf7 37. Be4 Bd7 38. Bg2 Qg6 39. Qe3 Rd3 40. Qf4 Rxa3
0-1

[Event "AUTO-OPEN-4364"]
[Site "http://www.queenalice.com/game.php?id=1787841"]
[Date "2022.4.27"]
[Round "1"]
[White "Reiwhite"]
[Black "maurice916"]
[Result "1-0"]
[WhiteElo "2110"]
[BlackElo "1836"]

1. c4 e5 2. Nc3 f5 3. e4 Nf6 4. exf5 d6 5. Bd3 b6 6. f3 h5 7. Nge2 Bb7 8. O-O
Qd7 9. Be4 Nxe4 10. fxe4 Qf7 11. d3 Be7 12. Nd5 Kd7 13. Be3 Bxd5 14. cxd5 a6 15.
Qa4+ b5 16. Qa5 Bd8 17. Rac1 Ke8 18. Qb4 Qd7 19. a4 c6 20. d4 a5 21. Qc3 cxd5
22. exd5 b4 23. Qc2 Na6 24. dxe5 dxe5 25. Qc6 Bf6 26. Qxa8+ Bd8 27. Qxa6 Qxa4
28. Qe6+ Kf8 29. Bc5+ 1-0

[Event "AUTO-OPEN-4364"]
[Site "http://www.queenalice.com/game.php?id=1787864"]
[Date "2022.4.27"]
[Round "1"]
[White "serrameira"]
[Black "Reiwhite"]
[Result "0-1"]
[WhiteElo "1825"]
[BlackElo "2106"]

1. c4 e5 2. g3 Nf6 3. Bg2 Bc5 4. e3 Nc6 5. Ne2 O-O 6. O-O d6 7. d4 Bb6 8. d5 Ne7
9. a4 a6 10. a5 Ba7 11. b4 Bf5 12. Nbc3 h6 13. e4 Bg6 14. Qd3 Ng4 15. Bd2 f5 16.
c5 dxc5 17. h3 Nf6 18. g4 fxg4 19. hxg4 Nxg4 20. Qf3 Rxf3 0-1

[Event "AUTO-OPEN-4364"]
[Site "http://www.queenalice.com/game.php?id=1787865"]
[Date "2022.4.27"]
[Round "1"]
[White "Reiwhite"]
[Black "serrameira"]
[Result "1/2-1/2"]
[WhiteElo "2118"]
[BlackElo "1800"]

1. d4 d5 2. c4 e6 3. Nc3 Nf6 4. Bg5 Nc6 5. Nf3 Be7 6. e3 O-O 7. Bd3 h6 8. Bf4
Nh5 9. Bg3 Nxg3 10. hxg3 a6 11. O-O Nb4 12. Be2 dxc4 13. Bxc4 b5 14. Be2 Bb7 15.
a3 Nd5 16. Rc1 c6 17. Ne5 Bd6 18. f4 Nxe3 19. Qe1 Nxf1 20. Qxf1 Rc8 21. Rd1 Qe7
22. Bd3 c5 23. Bb1 cxd4 24. Qd3 g6 25. Ne4 Bxe4 26. Qxe4 Bc5 27. Kh2 Qc7 28. Rh1
f5 29. Qd3 Qg7 30. Kg1 Bd6 31. Nf3 Rfd8 32. Kf2 Rd7 33. Ba2 Qf6 34. Re1 Re7 35.
Kf1 Bc5 36. Re5 Rc6 37. Re1 Kg7 38. Ne5 1/2-1/2

[Event "AUTO-OPEN-4364"]
[Site "http://www.queenalice.com/game.php?id=1787878"]
[Date "2022.4.27"]
[Round "1"]
[White "filou"]
[Black "Reiwhite"]
[Result "1/2-1/2"]
[WhiteElo "2331"]
[BlackElo "2102"]

1. d4 d5 2. c4 c6 3. Nf3 Nf6 4. Nc3 dxc4 5. a4 Bf5 6. e3 e6 7. Bxc4 Be7 8. O-O
O-O 9. Nh4 Bg4 10. f3 Bh5 11. e4 Nxe4 12. Nxe4 Bxh4 13. Be3 Nd7 14. g3 Be7 15.
a5 Nf6 16. Nc5 Bxc5 17. dxc5 Qxd1 18. Raxd1 a6 19. g4 Bg6 20. Rd6 Rad8 21. Rfd1
Nd5 22. Bxd5 exd5 23. Bg5 f6 24. Bh4 Rfe8 25. Bg3 Kf7 26. Kf2 Rxd6 27. cxd6 Ke6
28. b4 Kd7 29. h4 Bc2 30. Re1 Bd3 31. Rxe8 Kxe8 32. Ke3 Bg6 33. Kd4 Kd7 1/2-1/2

[Event "AUTO-OPEN-4364"]
[Site "http://www.queenalice.com/game.php?id=1787879"]
[Date "2022.4.27"]
[Round "1"]
[White "Reiwhite"]
[Black "filou"]
[Result "0-1"]
[WhiteElo "2108"]
[BlackElo "2324"]

1. Nf3 d5 2. g3 Bf5 3. Bg2 Nf6 4. d3 Nc6 5. O-O e5 6. Nbd2 Qd7 7. Re1 O-O-O 8.
Nh4 Bh3 9. Bh1 Bc5 10. e3 g5 11. Nhf3 Rhg8 12. c3 e4 13. dxe4 Nxe4 14. Nxe4 dxe4
15. Qxd7+ Rxd7 16. Nd4 f5 17. a3 Ne5 18. b4 Bb6 19. Bb2 Nd3 20. Re2 Re8 21. Rd2
h5 22. Bg2 Bxg2 23. Kxg2 f4 24. Rf1 c6 25. Rfd1 fxe3 26. fxe3 Rf7 27. Rf1 Rxf1
28. Kxf1 Rf8+ 29. Kg2 Ne1+ 30. Kg1 Nf3+ 31. Nxf3 Bxe3+ 0-1